Spell the Marvel Character #276 - Statistics

General Stats
  • This quiz has been taken 11 times
  • The average score is 4 of 5
Answer Stats
Picture Answer % Correct
Angel
100%
Elektra
100%
Valkyrie
100%
Veda
90%
Dominic Fortune
50%
No matching quizzes found
Score Distribution
Percent of People with Each Score
Percentile by Number Answered
Your Score History
You have not taken this quiz